| 000 | 00460nam a22001577a 4500 | ||
|---|---|---|---|
| 005 | 20231121130140.0 | ||
| 008 | 231121b |||||||| |||| 00| 0 eng d | ||
| 041 | _aEnglish / Afrikaans | ||
| 082 | _a342.8 PRA | ||
| 100 | _lEnglish / Afrikaans | ||
| 245 |
_aPractising Law Under a Bill of Rights : _cD Davies et al. |
||
| 260 | _c1995 | ||
| 300 |
_b285 pages ; _c30,3 cm. |
||
| 650 |
_aLegal practice _bLaw |
||
| 942 |
_cBK _6ALISON_BN_VRIES |
||
| 999 |
_c842 _d842 |
||